| 000 | 00430 a2200157 4500 | ||
|---|---|---|---|
| 001 | 165643 | ||
| 020 | _a | ||
| 040 | _cMagnum | ||
| 100 | _aAlencar, Eunice Soriano de (Org.) | ||
| 240 | 1 | 0 |
_aNovas contribuicoes da psicologia aos processos de ensino e aprend... _lpor |
| 245 | 1 | 0 | _aNovas contribuicoes da psicologia aos processos de ensino e aprend... |
| 362 | 0 | _a1899 | |
| 440 | 1 | _aCortez | |
| 697 | _aENSINO | ||
| 942 | _cBK | ||
| 999 |
_c165643 _d165643 |
||